Essentials of patents

সংরক্ষণ করুন:
গ্রন্থ-পঞ্জীর বিবরন
প্রধান লেখক: Gibbs, Andy
বিন্যাস: গ্রন্থ
ভাষা:Undetermined
প্রকাশিত: Hoboken, N.J. John Wiley 2003
বিষয়গুলি:
ট্যাগগুলো: ট্যাগ যুক্ত করুন
কোনো ট্যাগ নেই, প্রথমজন হিসাবে ট্যাগ করুন!
Thư viện lưu trữ: Trung tâm Học liệu Trường Đại học Cần Thơ
LEADER 00518nam a2200193Ia 4500
001 CTU_109691
008 210402s9999 xx 000 0 und d
082 |a 346.730486 
082 |b G442 
100 |a Gibbs, Andy 
245 0 |a Essentials of patents 
245 0 |c Andy Gibbs, Bob DeMatteis 
260 |a Hoboken, N.J. 
260 |b John Wiley 
260 |c 2003 
650 |a Inventions,Patents 
650 |x Marketing 
904 |i Q. Hiếu (sửa) 
980 |a Trung tâm Học liệu Trường Đại học Cần Thơ